| 000 | 00857nam a22002297a 4500 | ||
|---|---|---|---|
| 005 | 20180627171600.0 | ||
| 010 | _a1718EN-30 ENG-122480 B-687273-277 | ||
| 020 |
_a9788125059653 _c175.00 |
||
| 035 | _aEN-106012 | ||
| 035 | _aB-687273-277 | ||
| 037 | _bUppal | ||
| 037 | _bDBAD/PUB. | ||
| 082 | _a801.95 | ||
| 100 | _aKulkarni, Anand B. | ||
| 245 |
_aAn introduction to literary theory and criticism / _cby Anand B. Kulkarni [and] Ashok G. Chaskar |
||
| 260 |
_aHyderabad _bOrient BlackSwan _c2015 |
||
| 270 |
_a3-6-752 Himayatnagar _bHyderabad _e500029 |
||
| 300 |
_aix,300p. _c22cm(pbk) |
||
| 700 | _aChaskar, Ashok G. | ||
| 942 |
_2ddc _cEN _mKUL _h801.95 |
||
| 999 |
_c144532 _d144532 |
||